[Event "Sparkassen-Open A"]
[Site "Heusenstamm, Martinsee"]
[Date "2019.11.24"]
[Round "7.1"]
[White "Kuzubov, Yuriy"]
[Black "Kunin, Vitaly"]
[Result "1-0"]
[WhiteElo "2652"]
[BlackElo "2549"]
[PlyCount "139"]
[EventDate "2019.??.??"]
[WhiteTeam "Sfr. Bad Emstal/Wolfhagen"]
[BlackTeam "Freibauer Mörlenbach"]

1. c4 Nf6 2. d4 e6 3. Nf3 Bb4+ 4. Bd2 a5 5. g3 c5 6. Bg2 Nc6 7. dxc5 Bxc5 8.
Nc3 O-O 9. O-O h6 10. Bf4 d6 11. Na4 e5 12. Nxc5 exf4 13. Nd3 fxg3 14. hxg3 Bf5
15. Nf4 Qb6 16. b3 a4 17. bxa4 Ne4 18. Nd5 Qa7 19. e3 Bg4 20. Qc2 Nc5 21. Nd4
Be6 22. Nc7 Rac8 23. Ncb5 Qb8 24. Nxe6 fxe6 25. Rfd1 Rcd8 26. Rd2 Rf6 27. Rad1
e5 28. Nc3 Kh8 29. Ne4 Nxe4 30. Bxe4 Rc8 31. c5 Nb4 32. Qb3 dxc5 33. Rd7 Rcf8
34. a3 Na6 35. R1d2 b6 36. Bc2 e4 37. Qc3 c4 38. R2d6 Nc5 39. Rxf6 Rxf6 40. Rd5
Nd3 41. Qd4 Rf8 42. Bxd3 cxd3 43. Rd7 Rg8 44. Rd6 Kh7 45. Qxe4+ g6 46. Qxd3 Rg7
47. Qd4 Qc8 48. Rxb6 Qc1+ 49. Kg2 Qxa3 50. Rd6 h5 51. Rd7 Rxd7 52. Qxd7+ Kh6
53. Qe8 Qa1 54. e4 g5 55. Qe6+ Kg7 56. Qf5 Kh6 57. a5 h4 58. Qe6+ Kh7 59. gxh4
gxh4 60. a6 Kg7 61. Qe7+ Kg6 62. a7 h3+ 63. Kh2 Qf1 64. Qe6+ Kg5 65. Qf5+ Kh4
66. Qf4+ Kh5 67. Qf3+ Kh4 68. Qg3+ Kh5 69. Qxh3+ Qxh3+ 70. Kxh3 1-0

[Event "Sparkassen-Open A"]
[Site "Heusenstamm, Martinsee"]
[Date "2019.11.24"]
[Round "7.2"]
[White "Krastev, Alexander"]
[Black "Nasuta, Grzegorz"]
[Result "0-1"]
[WhiteElo "2330"]
[BlackElo "2539"]
[PlyCount "50"]
[EventDate "2019.??.??"]
[WhiteTeam "Biebertaler SF"]
[BlackTeam "Godesberger SK"]

1. e4 e5 2. Nf3 Nc6 3. Bc4 Nf6 4. d3 h6 5. c3 d6 6. a4 g6 7. O-O Bg7 8. Re1 O-O
9. h3 a6 10. Nbd2 Kh7 11. Nf1 d5 12. exd5 Nxd5 13. a5 Be6 14. Qb3 Rb8 15. Ne3
Nf4 16. Bxe6 fxe6 17. Ng4 Nxh3+ 18. Kh2 Rxf3 19. gxf3 Qh4 20. Kg2 h5 21. Re4
hxg4 22. Rxg4 Qxf2+ 23. Kxh3 Qxf3+ 24. Rg3 Qh1+ 25. Kg4 Qh5# 0-1

[Event "Sparkassen-Open A"]
[Site "Heusenstamm, Martinsee"]
[Date "2019.11.24"]
[Round "7.3"]
[White "Bagrationi, Alexander"]
[Black "Farmani Anosheh, Armin"]
[Result "1-0"]
[WhiteElo "2500"]
[BlackElo "2344"]
[PlyCount "75"]
[EventDate "2019.??.??"]
[WhiteTeam "vereinslos"]
[BlackTeam "SK Ladenburg"]

1. d4 Nf6 2. c4 e6 3. Nc3 Bb4 4. f3 c5 5. d5 d6 6. e4 O-O 7. Nge2 exd5 8. cxd5
b5 9. Bd2 a6 10. a4 bxa4 11. Ng3 Re8 12. Be2 Nbd7 13. O-O Nb6 14. Nxa4 Nxa4 15.
Rxa4 Bd7 16. Rxa6 Rxa6 17. Bxa6 Qa5 18. Bxb4 Qxb4 19. b3 Ra8 20. Qd3 h5 21. h4
Qa3 22. Bc4 Qb2 23. Ne2 Ra1 24. Qc3 Rxf1+ 25. Kxf1 Qa3 26. Qc1 Qa5 27. Qf4 Qa1+
28. Kf2 Qh1 29. Ng3 Qa1 30. Ne2 Qh1 31. Qxd6 Qxh4+ 32. Qg3 Qh1 33. e5 Nh7 34.
e6 fxe6 35. Qb8+ Kf7 36. dxe6+ Bxe6 37. Qc7+ Kf6 38. Qd8+ 1-0

[Event "Sparkassen-Open A"]
[Site "Heusenstamm, Martinsee"]
[Date "2019.11.24"]
[Round "7.5"]
[White "Gutman, Lev"]
[Black "Köllner, Ruben Gideon"]
[Result "1/2-1/2"]
[WhiteElo "2407"]
[BlackElo "2268"]
[PlyCount "86"]
[EventDate "2019.??.??"]
[WhiteTeam "SV Lingen"]
[BlackTeam "SF Deizisau"]

1. Nf3 Nf6 2. g3 e6 3. Bg2 d5 4. O-O Nbd7 5. d3 Be7 6. Nc3 O-O 7. e4 dxe4 8.
dxe4 e5 9. Nh4 g6 10. f4 exf4 11. Bxf4 Nh5 12. Nf5 Nxf4 13. Nxe7+ Qxe7 14. gxf4
c6 15. Qd4 Qc5 16. Rad1 Qxd4+ 17. Rxd4 Nc5 18. Rd6 Bg4 19. h3 Bh5 20. b4 Na6
21. a3 Rad8 22. Rxd8 Rxd8 23. e5 f5 24. exf6 Kf7 25. Re1 Kxf6 26. Re5 Rd7 27.
Ne4+ Kg7 28. Kf2 Bd1 29. c4 Bc2 30. b5 cxb5 31. cxb5 Nc7 32. Nc3 b6 33. Bc6 Rf7
34. Ke3 Kf6 35. Be4 Bb3 36. Bd3 Kg7 37. h4 Rd7 38. h5 Nd5+ 39. Nxd5 Bxd5 40.
hxg6 hxg6 41. Rg5 Bf7 42. Bxg6 Bxg6 43. f5 Kf6 1/2-1/2

[Event "Sparkassen-Open A"]
[Site "Heusenstamm, Martinsee"]
[Date "2019.11.24"]
[Round "7.6"]
[White "Klundt, Klaus"]
[Black "Thinius, Marco"]
[Result "1/2-1/2"]
[WhiteElo "2297"]
[BlackElo "2398"]
[PlyCount "23"]
[EventDate "2019.??.??"]
[WhiteTeam "SC Heusenstamm"]
[BlackTeam "SV Empor Berlin"]

1. e4 c5 2. Nf3 e6 3. d4 cxd4 4. Nxd4 Nc6 5. Nc3 Qc7 6. Be3 a6 7. Qf3 b5 8.
Nxc6 Qxc6 9. Bd3 Ba3 10. bxa3 Qxc3+ 11. Ke2 Bb7 12. Bd2 1/2-1/2

[Event "Sparkassen-Open A"]
[Site "Heusenstamm, Martinsee"]
[Date "2019.11.24"]
[Round "7.7"]
[White "Browning, Alex"]
[Black "Nikolov, Momchil"]
[Result "1/2-1/2"]
[WhiteElo "2264"]
[BlackElo "2559"]
[PlyCount "98"]
[EventDate "2019.??.??"]
[WhiteTeam "SVG Plettenberg"]
[BlackTeam "vereinslos"]

1. e4 c5 2. Nf3 Nc6 3. c3 d5 4. exd5 Qxd5 5. d4 Bg4 6. Be2 cxd4 7. cxd4 e6 8.
O-O Nf6 9. Nc3 Qd6 10. h3 Bh5 11. Bg5 Rd8 12. Nb5 Qb8 13. Bh4 Bd6 14. Nxd6+
Qxd6 15. g4 Bg6 16. Bg3 Qb4 17. Qc1 Nxd4 18. Nxd4 Rxd4 19. a3 Qb6 20. Be5 Rd5
21. Qf4 O-O 22. Bf3 Rd3 23. Rad1 Nd5 24. Bxd5 Rxd5 25. Rxd5 exd5 26. Rc1 Be4
27. Bd6 Re8 28. Rc7 f6 29. g5 Qxb2 30. gxf6 Qxf6 31. Qxf6 gxf6 32. Rxb7 a6 33.
Bc5 Re5 34. Be3 Rh5 35. Kh2 Bf5 36. Rb6 Bxh3 37. Rxf6 Bf1+ 38. Kg3 Be2 39. Rd6
Rf5 40. Rd7 h5 41. f4 Bb5 42. Rd6 Kf7 43. Bd4 Bc4 44. Be5 Ke8 45. Kh4 Ke7 46.
Rc6 Kd7 47. Rh6 Ke7 48. Rxh5 Rxh5+ 49. Kxh5 Ke6 1/2-1/2

[Event "Sparkassen-Open A"]
[Site "Heusenstamm, Martinsee"]
[Date "2019.11.24"]
[Round "7.8"]
[White "Enchev, Ivajlo"]
[Black "Stork, Oliver"]
[Result "1-0"]
[WhiteElo "2487"]
[BlackElo "2287"]
[PlyCount "49"]
[EventDate "2019.??.??"]
[WhiteTeam "vereinslos"]
[BlackTeam "SV Oberursel"]

1. d4 Nf6 2. c4 g6 3. f3 d5 4. cxd5 Nxd5 5. e4 Nb6 6. Nc3 Bg7 7. Be3 O-O 8. Qd2
e5 9. d5 c6 10. h4 f5 11. h5 f4 12. Bxb6 axb6 13. hxg6 h6 14. Bc4 b5 15. Bb3
Kh8 16. g4 Nd7 17. dxc6 bxc6 18. Bf7 Qe7 19. Rd1 Rxf7 20. gxf7 Qxf7 21. Qd6 Qc4
22. Rxh6+ Bxh6 23. Qxh6+ Kg8 24. Rd6 Nf8 25. Qg5+ 1-0

[Event "Sparkassen-Open A"]
[Site "Heusenstamm, Martinsee"]
[Date "2019.11.24"]
[Round "7.9"]
[White "Alber, Horst"]
[Black "Schmittdiel, Eckhard"]
[Result "1/2-1/2"]
[WhiteElo "2267"]
[BlackElo "2412"]
[PlyCount "28"]
[EventDate "2019.??.??"]
[WhiteTeam "SK Marburg"]
[BlackTeam "BCA Augsburg"]

1. d4 e6 2. c4 f5 3. Nc3 Nf6 4. e3 d5 5. Bd3 g6 6. Nge2 Bg7 7. f3 O-O 8. O-O b6
9. b4 a5 10. b5 Bb7 11. Qb3 Kh8 12. Bd2 Re8 13. Rad1 Nbd7 14. Bc1 Nf8 1/2-1/2

[Event "Sparkassen-Open A"]
[Site "Heusenstamm, Martinsee"]
[Date "2019.11.24"]
[Round "7.10"]
[White "Nothnagel, Marian Can"]
[Black "Farmani Anosheh, Yasha"]
[Result "1-0"]
[WhiteElo "2364"]
[BlackElo "2182"]
[PlyCount "75"]
[EventDate "2019.??.??"]
[WhiteTeam "SV Griesheim"]
[BlackTeam "SK Ladenburg"]

1. e4 c5 2. d4 cxd4 3. c3 Nf6 4. e5 Nd5 5. Nf3 Nc6 6. Bc4 Nb6 7. Bb3 d6 8. exd6
Qxd6 9. O-O d3 10. Na3 Bf5 11. Nb5 Qd7 12. Bf4 Rc8 13. Nxa7 Nxa7 14. Ne5 Qd6
15. Bxf7+ Kd8 16. Bb3 Qf6 17. Nf7+ Kd7 18. Be5 Qc6 19. Nxh8 e6 20. Nf7 Ke8 21.
Ng5 h6 22. Nf3 Bc5 23. Bd4 Nb5 24. Ne5 Qd6 25. Ba4 Nxa4 26. Qxa4 Qa6 27. Qxa6
bxa6 28. Bxc5 Rxc5 29. f4 Nd6 30. Rad1 Rd5 31. Kf2 Nf7 32. Nf3 Kd7 33. Rfe1 Kd6
34. Nd4 g5 35. g3 Kc5 36. Nxe6+ Bxe6 37. Rxe6 Nd6 38. Re5 1-0

[Event "Sparkassen-Open A"]
[Site "Heusenstamm, Martinsee"]
[Date "2019.11.24"]
[Round "7.11"]
[White "Euler, Gerd"]
[Black "Abel, Thomas"]
[Result "0-1"]
[WhiteElo "2270"]
[BlackElo "2342"]
[PlyCount "110"]
[EventDate "2019.??.??"]
[WhiteTeam "SSG Hungen-Lich"]
[BlackTeam "vereinslos"]

1. e4 e6 2. d4 d5 3. Nc3 Bb4 4. e5 Ne7 5. a3 Bxc3+ 6. bxc3 c5 7. Nf3 Qa5 8. Bd2
Nbc6 9. Bd3 Bd7 10. h4 c4 11. Bf1 f6 12. exf6 gxf6 13. g3 O-O-O 14. Bg2 Rhf8
15. O-O e5 16. Nh2 Bf5 17. Re1 Rg8 18. a4 Kb8 19. Ra3 Ka8 20. Qc1 Ng6 21. h5
Nf8 22. Re3 Qc7 23. a5 a6 24. Qb2 Ne6 25. Ra1 Ng5 26. dxe5 fxe5 27. Qb6 Qf7 28.
g4 Bxc2 29. Rxe5 Nxe5 30. Bxg5 Rd7 31. Be3 Nc6 32. Bc5 Be4 33. f3 Bd3 34. Nf1
Qf6 35. Bd4 Qf4 36. Bf2 Re8 37. Ng3 Qc7 38. Qc5 Qd6 39. Qb6 Qc7 40. Qb2 Nxa5
41. f4 Nb3 42. Rd1 d4 43. cxd4 Qxf4 44. Qa3 Qxg4 45. Rxd3 cxd3 46. Qxa6+ Kb8
47. Qxd3 Nxd4 48. Kh2 Rf8 49. Nh1 Qxh5+ 50. Bh3 Nf3+ 51. Qxf3 Rxf3 52. Bg3+
Rxg3 53. Nxg3 Rd2+ 54. Ne2 Rxe2+ 55. Kg1 Qc5+ 0-1

[Event "Sparkassen-Open A"]
[Site "Heusenstamm, Martinsee"]
[Date "2019.11.24"]
[Round "7.12"]
[White "Podat, Vladimir"]
[Black "Steudel, Max"]
[Result "0-1"]
[WhiteElo "2321"]
[BlackElo "1912"]
[PlyCount "88"]
[EventDate "2019.??.??"]
[WhiteTeam "SC Untergrombach"]
[BlackTeam "SC Brett vorm Kopp"]

1. d4 d5 2. c4 e6 3. Nc3 Be7 4. Nf3 Nf6 5. Bf4 O-O 6. e3 Nbd7 7. Bd3 c5 8. cxd5
Nxd5 9. Nxd5 exd5 10. O-O c4 11. Be2 Nf6 12. Ne5 Bf5 13. g4 Be6 14. Bf3 Rc8 15.
g5 Ne4 16. h4 f6 17. gxf6 Bxf6 18. Bg4 Qe7 19. h5 Bxe5 20. dxe5 Rc6 21. Bxe6+
Qxe6 22. f3 Nc5 23. Qd4 Nd3 24. Bh2 Rf5 25. e4 Rg5+ 26. Kh1 Rxh5 27. Rg1 Qxe5
28. Qxd5+ Qxd5 29. exd5 Rch6 30. Rg2 Rxd5 31. Rag1 g6 32. Rc2 b5 33. a4 Rh4 34.
axb5 Rxb5 35. Ra1 Rxb2 36. Rxb2 Nxb2 37. Kg2 c3 38. Be5 Rc4 39. Rxa7 Nd3 40.
Rg7+ Kf8 41. Bxc3 Rxc3 42. Rxh7 Ne1+ 43. Kf2 Nxf3 44. Rh3 Ng5 0-1

[Event "Sparkassen-Open A"]
[Site "Heusenstamm, Martinsee"]
[Date "2019.11.24"]
[Round "7.13"]
[White "Volkov, Mykyta"]
[Black "Barzen, Pascal"]
[Result "1/2-1/2"]
[WhiteElo "2142"]
[BlackElo "2312"]
[PlyCount "94"]
[EventDate "2019.??.??"]
[WhiteTeam "Elberfelder SG"]
[BlackTeam "SG Trier"]

1. d4 Nf6 2. c4 e6 3. Nc3 Bb4 4. Qc2 d5 5. a3 Bxc3+ 6. Qxc3 dxc4 7. Qxc4 a6 8.
Bf4 Nd5 9. Bg3 b5 10. Qc2 Bb7 11. Nf3 Nd7 12. e4 N5f6 13. e5 Nd5 14. Bd3 h6 15.
O-O Rc8 16. b4 g5 17. h4 Qe7 18. Qd2 gxh4 19. Bxh4 Qf8 20. Ne1 Qg7 21. f3 Rg8
22. Be4 Nf8 23. Nd3 Ba8 24. Bxd5 Bxd5 25. Nf4 Qh7 26. a4 Bc4 27. axb5 axb5 28.
Rfd1 Ng6 29. Nh5 Nxh4 30. Qf2 Rxg2+ 31. Qxg2 Nxg2 32. Nf6+ Ke7 33. Nxh7 Ne3 34.
Rd2 Nd5 35. Rh2 Nxb4 36. Rxh6 Nc6 37. Nf6 Nxd4 38. Kf2 Nb3 39. Rd1 Nc5 40. Ke3
Ra8 41. f4 Ra3+ 42. Kd4 Nd3 43. Rd2 Ra8 44. Ke3 Nc5 45. Rd1 Ra3+ 46. Kd4 Nd3
47. Rd2 Ra8 1/2-1/2

[Event "Sparkassen-Open A"]
[Site "Heusenstamm, Martinsee"]
[Date "2019.11.24"]
[Round "7.14"]
[White "van der Valk, Niklas"]
[Black "Zuferi, Enis"]
[Result "1/2-1/2"]
[WhiteElo "2133"]
[BlackElo "2290"]
[PlyCount "42"]
[EventDate "2019.??.??"]
[WhiteTeam "SG Trier"]
[BlackTeam "Heilbronner SV"]

1. c4 g6 2. Nc3 Bg7 3. d4 Nf6 4. e4 d6 5. Be2 O-O 6. Nf3 Na6 7. O-O c5 8. d5
Nc7 9. Re1 e5 10. Rb1 Nh5 11. b4 cxb4 12. Rxb4 Na6 13. Rb1 Nc5 14. Nd2 Nf4 15.
Nb3 b6 16. Nxc5 bxc5 17. Bf1 Bd7 18. Ne2 Nh5 19. Ng3 Nf4 20. Ne2 Nh5 21. Ng3
Nf4 1/2-1/2

[Event "Sparkassen-Open A"]
[Site "Heusenstamm, Martinsee"]
[Date "2019.11.24"]
[Round "7.15"]
[White "Hinrichs, Paul"]
[Black "Hahn, Markus"]
[Result "1-0"]
[WhiteElo "2104"]
[BlackElo "2291"]
[PlyCount "91"]
[EventDate "2019.??.??"]
[WhiteTeam "SK Bingen"]
[BlackTeam "SVG Caissa Kassel"]

1. d4 f5 2. c4 Nf6 3. Nc3 e6 4. h3 Bb4 5. Qc2 O-O 6. Nf3 Ne4 7. Bd2 Bxc3 8.
Bxc3 b6 9. e3 Bb7 10. Bd3 d6 11. O-O-O Qe7 12. Ne1 Nd7 13. f3 Nxc3 14. Qxc3 e5
15. Nc2 Rae8 16. Rhe1 Qg5 17. Qd2 Qg3 18. e4 f4 19. dxe5 dxe5 20. Bf1 Rd8 21.
Qc3 Qg5 22. Rd2 Nc5 23. b4 Rxd2 24. Kxd2 Ne6 25. c5 bxc5 26. bxc5 Bc8 27. Kc1
Rd8 28. Rd1 Rxd1+ 29. Kxd1 Kf7 30. Qc4 Qe7 31. c6 Qd6+ 32. Qd5 Qxd5+ 33. exd5
Nd4 34. Na3 Bf5 35. Nc4 Kf6 36. Kd2 Bb1 37. d6 Nxc6 38. dxc7 Ne7 39. Nd6 Bxa2
40. c8=Q Nxc8 41. Nxc8 a5 42. Nb6 h5 43. h4 g5 44. Nd7+ Ke6 45. Nc5+ Kd5 46.
Ne4 1-0

[Event "Sparkassen-Open A"]
[Site "Heusenstamm, Martinsee"]
[Date "2019.11.24"]
[Round "7.16"]
[White "Eckert, Marius"]
[Black "Odendahl, Reiner"]
[Result "1-0"]
[WhiteElo "2086"]
[BlackElo "2351"]
[PlyCount "91"]
[EventDate "2019.??.??"]
[WhiteTeam "SV Waltrop"]
[BlackTeam "Elberfelder SG"]

1. d4 Nf6 2. Bf4 g6 3. Nc3 d6 4. e4 a6 5. Qd2 b5 6. f3 Nbd7 7. O-O-O Bb7 8. Bh6
b4 9. Nce2 Bxh6 10. Qxh6 Nb6 11. e5 Nfd5 12. Qg7 Rf8 13. e6 Nf6 14. Nf4 Bd5 15.
Nxd5 Nbxd5 16. exf7+ Rxf7 17. Qh6 Qd7 18. Nh3 e6 19. Bd3 Qa4 20. Bc4 Qc6 21.
Bd3 Qa4 22. Bc4 Qc6 23. Bxd5 Qxd5 24. Kb1 Kd7 25. Rhe1 Re8 26. Qd2 Qb5 27. Ng5
Rfe7 28. Ne4 Nd5 29. Ka1 a5 30. h4 Rb8 31. h5 a4 32. Rc1 Qa6 33. hxg6 hxg6 34.
c4 bxc3 35. Nxc3 Nb4 36. Re3 Qa5 37. a3 Nd5 38. Re2 Nxc3 39. Rxc3 Rh7 40. Re1
Rh4 41. Rec1 Rb7 42. Qc2 Rxd4 43. Qxg6 Qb6 44. Qf7+ Kd8 45. R3c2 Rd3 46. Qg8+
1-0

[Event "Sparkassen-Open A"]
[Site "Heusenstamm, Martinsee"]
[Date "2019.11.24"]
[Round "7.17"]
[White "Schulze, Lara"]
[Black "Chandler, Patrick"]
[Result "1/2-1/2"]
[WhiteElo "2326"]
[BlackElo "2124"]
[PlyCount "28"]
[EventDate "2019.??.??"]
[WhiteTeam "SK Lehrte"]
[BlackTeam "SC Nied"]

1. e4 e6 2. d4 d5 3. Nd2 c5 4. exd5 Qxd5 5. Ngf3 Nf6 6. Bc4 Qd8 7. O-O a6 8.
dxc5 Bxc5 9. Qe2 Nc6 10. Nb3 Be7 11. a4 O-O 12. a5 Qc7 13. Be3 Nd7 14. c3 Nce5
1/2-1/2

[Event "Sparkassen-Open A"]
[Site "Heusenstamm, Martinsee"]
[Date "2019.11.24"]
[Round "7.18"]
[White "Hinrichs, Niklas"]
[Black "Grabowski, Pawel"]
[Result "0-1"]
[WhiteElo "2105"]
[BlackElo "2271"]
[PlyCount "54"]
[EventDate "2019.??.??"]
[WhiteTeam "SK Bingen"]
[BlackTeam "Godesberger SK"]

1. d4 Nf6 2. c4 g6 3. Nc3 Bg7 4. e4 d6 5. f3 c6 6. Be3 a6 7. a4 a5 8. Nge2 Na6
9. Qd2 O-O 10. g4 Nb4 11. h4 h5 12. gxh5 Nxh5 13. O-O-O b5 14. cxb5 cxb5 15.
Nf4 Ng3 16. Bxb5 Nxh1 17. Rxh1 e5 18. Nxg6 fxg6 19. Bc4+ d5 20. Nxd5 Be6 21.
Bg5 Rc8 22. Bxd8 Rxc4+ 23. Kb1 Nxd5 24. Bxa5 Rxd4 25. Qh2 Rxa4 26. exd5 Bf5+
27. Kc1 Rxa5 0-1

[Event "Sparkassen-Open A"]
[Site "Heusenstamm, Martinsee"]
[Date "2019.11.24"]
[Round "7.19"]
[White "Surányi, Pál"]
[Black "Vakulenko, Oleksandr"]
[Result "0-1"]
[WhiteElo "2102"]
[BlackElo "2250"]
[PlyCount "30"]
[EventDate "2019.??.??"]
[WhiteTeam "SC Remagen-Sinzig"]
[BlackTeam "Gambit Kiew"]

1. d4 d5 2. g3 c5 3. Bg2 cxd4 4. Qxd4 Nf6 5. Bg5 Nc6 6. Qh4 Qb6 7. Bxf6 exf6 8.
Bxd5 Qxb2 9. Bxc6+ bxc6 10. Qe4+ Be7 11. Qxc6+ Kf8 12. f3 Bb7 13. Qc7 Rc8 14.
Qd7 Rd8 15. Qc7 Bc8 0-1

[Event "Sparkassen-Open A"]
[Site "Heusenstamm, Martinsee"]
[Date "2019.11.24"]
[Round "7.20"]
[White "Baltic, Fatih"]
[Black "Köllner, Aaron Noah"]
[Result "1/2-1/2"]
[WhiteElo "2238"]
[BlackElo "2094"]
[PlyCount "47"]
[EventDate "2019.??.??"]
[WhiteTeam "SV Mülheim-Nord"]
[BlackTeam "SV Bergneustadt/Derschlag"]

1. e4 c5 2. Nf3 e6 3. d4 cxd4 4. Nxd4 Nc6 5. Nc3 Qc7 6. Qd3 Nf6 7. Nxc6 bxc6 8.
Qg3 Qxg3 9. hxg3 e5 10. Bd2 Bc5 11. f3 d6 12. O-O-O Be6 13. Na4 Bd4 14. Bb4 d5
15. exd5 Nxd5 16. Bc5 Bxc5 17. Nxc5 Bf5 18. Bd3 Bxd3 19. Rxd3 O-O 20. c4 Ne7
21. Re1 f6 22. Ne6 Rfe8 23. Red1 Rac8 24. Rd7 1/2-1/2

[Event "Sparkassen-Open A"]
[Site "Heusenstamm, Martinsee"]
[Date "2019.11.24"]
[Round "7.21"]
[White "Sandten, Ulrich"]
[Black "Pogan, Nikolas"]
[Result "0-1"]
[WhiteElo "2086"]
[BlackElo "2234"]
[PlyCount "173"]
[EventDate "2019.??.??"]
[WhiteTeam "VSG Offenbach"]
[BlackTeam "Heilbronner SV"]

1. d4 Nf6 2. Nf3 g6 3. e3 Bg7 4. Be2 d6 5. O-O b6 6. Nbd2 Bb7 7. c3 O-O 8. Re1
c5 9. Bd3 Nc6 10. e4 cxd4 11. cxd4 Nd7 12. Nb3 a5 13. Be3 a4 14. Nbd2 Nb4 15.
Bb1 a3 16. Qb3 axb2 17. Qxb2 Ra4 18. a3 Qa8 19. Nb3 Nc6 20. Bc2 Ra7 21. Nbd2
Rb8 22. Qb3 Na5 23. Qa2 d5 24. e5 e6 25. h4 b5 26. h5 Nc4 27. hxg6 hxg6 28. Qb3
Bc6 29. Ng5 Rxa3 30. Rxa3 Qxa3 31. Qb1 Qe7 32. Qb3 Ra8 33. Nb1 b4 34. Bf4 Ba4
35. Qd3 Bxc2 36. Qxc2 Ra1 37. Qb3 Nb8 38. Qh3 Qa7 39. Nxe6 Qd7 40. Nxg7 Qxh3
41. gxh3 Kxg7 42. Kf1 Nc6 43. Be3 Na3 44. Nd2 Rxe1+ 45. Kxe1 Nc2+ 46. Ke2
N2xd4+ 47. Kd3 Ne6 48. Nf3 Kf8 49. Kc2 d4 50. Bc1 Nc5 51. Bb2 d3+ 52. Kd2 Na5
53. Ke3 Nc4+ 54. Kd4 Nxe5 55. Kxe5 Nb3 56. Ke4 d2 57. Nxd2 Nxd2+ 58. Kd3 Nf3
59. Kc4 Ke7 60. Kxb4 Ng5 61. h4 Nf3 62. Bc1 Ke6 63. Kc4 Nxh4 64. Kd4 Kf5 65.
Ke3 Kg4 66. Ke2 Nf3 67. Bb2 Kf4 68. Kf1 f5 69. Ba3 Kg4 70. Bd6 f4 71. Bc7 Nh4
72. Bd8 Nf5 73. Kg2 Nd4 74. Bb6 f3+ 75. Kh2 Ne6 76. Ba7 g5 77. Bb6 Ng7 78. Ba7
Nf5 79. Bc5 Kf4 80. Kh3 g4+ 81. Kh2 Ke4 82. Bb6 Kd3 83. Ba7 Ke2 84. Bb6 g3+ 85.
fxg3 Ne3 86. Bxe3 Kxe3 87. Kg1 0-1

[Event "Sparkassen-Open A"]
[Site "Heusenstamm, Martinsee"]
[Date "2019.11.24"]
[Round "7.22"]
[White "Rempeli, Alex"]
[Black "Hilzinger, Markus"]
[Result "1/2-1/2"]
[WhiteElo "2076"]
[BlackElo "2141"]
[PlyCount "46"]
[EventDate "2019.??.??"]
[WhiteTeam "SF Deizisau"]
[BlackTeam "SC Pforzheim"]

1. d4 Nf6 2. c4 g6 3. Nc3 Bg7 4. e4 d6 5. h3 O-O 6. Nf3 e5 7. d5 Nbd7 8. Bg5 h6
9. Be3 Nc5 10. Nd2 a5 11. g4 Ne8 12. Rg1 c6 13. Be2 cxd5 14. cxd5 Bd7 15. Nb3
b6 16. Nxc5 dxc5 17. Bb5 Nd6 18. Bxd7 Qxd7 19. a4 Kh7 20. h4 f5 21. h5 f4 22.
hxg6+ Kxg6 23. Bd2 Bf6 1/2-1/2

[Event "Sparkassen-Open A"]
[Site "Heusenstamm, Martinsee"]
[Date "2019.11.24"]
[Round "7.23"]
[White "Calvi, Stefan"]
[Black "Rolle, Eric"]
[Result "1/2-1/2"]
[WhiteElo "2049"]
[BlackElo "2206"]
[PlyCount "65"]
[EventDate "2019.??.??"]
[WhiteTeam "SF Frankfurt"]
[BlackTeam "SK Marburg"]

1. e4 d6 2. d4 Nf6 3. Nc3 Nbd7 4. Nf3 e5 5. Bc4 Be7 6. O-O O-O 7. Re1 c6 8. a4
a5 9. h3 exd4 10. Nxd4 Nc5 11. b3 Re8 12. Ba3 Qb6 13. e5 dxe5 14. Rxe5 Bd7 15.
Qd2 Bf8 16. Nf3 Ne6 17. Bxf8 Rxf8 18. Rd1 Qb4 19. Ne4 Qxd2 20. Rxd2 Nd5 21. Nd6
b6 22. Nf5 Nec7 23. Ne7+ Kh8 24. Nxd5 cxd5 25. Re7 Be6 26. Bf1 Rac8 27. Ng5 Kg8
28. Nxe6 fxe6 29. c4 Rf7 30. Rxf7 Kxf7 31. cxd5 Nxd5 32. Bc4 Rc5 33. g3 1/2-1/2

[Event "Sparkassen-Open A"]
[Site "Heusenstamm, Martinsee"]
[Date "2019.11.24"]
[Round "7.24"]
[White "Henrich, Thomas"]
[Black "Zweschper, Erich"]
[Result "1-0"]
[WhiteElo "2163"]
[BlackElo "2029"]
[PlyCount "91"]
[EventDate "2019.??.??"]
[WhiteTeam "SK Marburg"]
[BlackTeam "SV Kelsterbach"]

1. e4 d6 2. d4 g6 3. Nf3 Bg7 4. Bc4 e6 5. O-O Ne7 6. c3 Nd7 7. a4 a5 8. Na3 h6
9. Qe2 O-O 10. Bf4 Kh7 11. e5 Nb6 12. Bd3 Ned5 13. Bg3 dxe5 14. Bxe5 Bxe5 15.
Qxe5 Nxa4 16. h4 Nxb2 17. Bc2 Bd7 18. h5 f5 19. hxg6+ Kxg6 20. Rfe1 b5 21. g4
Qf6 22. gxf5+ Kf7 23. Bb3 c6 24. Qd6 Rad8 25. Ne5+ Kg8 26. Nxd7 Qg7+ 27. Kh1
Qxd7 28. Qg3+ Qg7 29. Qh4 Qf6 30. Qg3+ Qg7 31. Qh2 Rxf5 32. Rg1 Rg5 33. f4 Nxf4
34. Qxf4 Rf8 35. Bxe6+ Kh7 36. Rxg5 Rxf4 37. Rxg7+ Kxg7 38. Bd7 b4 39. Bxc6
bxc3 40. d5 Nc4 41. Nb5 c2 42. Rc1 Ne3 43. Na3 Rd4 44. Nxc2 Rc4 45. Rg1+ Ng4
46. Ne3 1-0

[Event "Sparkassen-Open A"]
[Site "Heusenstamm, Martinsee"]
[Date "2019.11.24"]
[Round "7.25"]
[White "Junker, Christian"]
[Black "Wolf, Ulrich Martin"]
[Result "0-1"]
[WhiteElo "2011"]
[BlackElo "2151"]
[PlyCount "116"]
[EventDate "2019.??.??"]
[WhiteTeam "SV Neu-Isenburg"]
[BlackTeam "SC Hansa Dortmund"]

1. Nf3 f5 2. g3 Nf6 3. d3 Nc6 4. Nbd2 e5 5. e4 Bc5 6. Bg2 O-O 7. O-O d6 8. c3
Qe8 9. b4 Bb6 10. a4 a6 11. Bb2 fxe4 12. dxe4 Nd8 13. c4 Nc6 14. a5 Ba7 15. b5
axb5 16. cxb5 Nxa5 17. Rxa5 Bxf2+ 18. Rxf2 Rxa5 19. b6 Ng4 20. Rf1 Qb5 21. Qb3+
Qxb3 22. Nxb3 Rb5 23. Nfd2 Rxb6 24. Ra1 Be6 25. Ra3 Ne3 26. Bc1 Nc2 27. Ra2 Nb4
28. Ra3 Nd3 29. Bf1 Nxc1 30. Nxc1 Rb2 31. Rd3 Ra8 32. Kf2 Ra1 33. Ne2 Rd1 34.
Ke3 Rbxd2 35. Rxd2 Rxf1 36. Nc3 Bc4 37. Rb2 Ba6 38. Nd5 Rf7 39. Rc2 c6 40. Nb6
Rf8 41. Rd2 Rd8 42. Na4 Kf7 43. Nc5 Ke7 44. Nb3 b6 45. Rb2 Bb5 46. Nd2 Ra8 47.
Rb3 Ra2 48. h4 Ke6 49. Nb1 Ra6 50. Nd2 Ba4 51. Rb2 d5 52. exd5+ cxd5 53. Nf3 h6
54. Ne1 d4+ 55. Kf3 Bc6+ 56. Kg4 Be4 57. Re2 Kd5 58. Rb2 Ra1 0-1

[Event "Sparkassen-Open A"]
[Site "Heusenstamm, Martinsee"]
[Date "2019.11.24"]
[Round "7.26"]
[White "Wiley, Tom E"]
[Black "Özdemir, Ali Özden"]
[Result "1-0"]
[WhiteElo "2141"]
[BlackElo "2017"]
[PlyCount "57"]
[EventDate "2019.??.??"]
[WhiteTeam "Europchess"]
[BlackTeam "SK Langen"]

1. d4 Nf6 2. c4 g6 3. Nc3 Bg7 4. e4 d6 5. Nf3 O-O 6. Be2 e5 7. d5 a5 8. Bg5 h6
9. Bh4 Na6 10. Nd2 Qe8 11. O-O Nd7 12. a3 Rb8 13. Rb1 Kh8 14. b4 axb4 15. axb4
Rg8 16. Qc2 Nf8 17. f3 f5 18. Bf2 f4 19. c5 Qe7 20. Na4 g5 21. cxd6 cxd6 22. b5
Nc7 23. Ba7 Ra8 24. Nb6 g4 25. Nxa8 g3 26. hxg3 fxg3 27. f4 Nxa8 28. Qxc8 Nd7
29. Qxb7 1-0

[Event "Sparkassen-Open A"]
[Site "Heusenstamm, Martinsee"]
[Date "2019.11.24"]
[Round "7.27"]
[White "Triebus, Bruno"]
[Black "Steinle, Carsten"]
[Result "1/2-1/2"]
[WhiteElo "1992"]
[BlackElo "2137"]
[PlyCount "99"]
[EventDate "2019.??.??"]
[WhiteTeam "SW Lichtenrade"]
[BlackTeam "SV Ahlen"]

1. e4 e6 2. d4 d5 3. Nc3 Nf6 4. e5 Nfd7 5. Nf3 b6 6. Bg5 Be7 7. Bxe7 Qxe7 8.
Nb5 Nf8 9. c3 a6 10. Na3 Nfd7 11. Nc2 c5 12. Ne3 Nc6 13. Qd2 Bb7 14. Bd3 b5 15.
a3 Na5 16. Bc2 Nc4 17. Qc1 Rc8 18. b3 cxd4 19. cxd4 Nxe3 20. fxe3 f6 21. exf6
Qxf6 22. O-O O-O 23. Qd2 Qh6 24. Rf2 Rc7 25. Rff1 Rfc8 26. Bd3 g5 27. h3 Qg7
28. Rac1 e5 29. Rxc7 Rxc7 30. dxe5 Nxe5 31. Nd4 Bc8 32. Bf5 Qe7 33. Bxc8 Rxc8
34. Nf5 Qe6 35. Qxd5 Qxd5 36. Ne7+ Kg7 37. Nxd5 Rc5 38. e4 h6 39. Rd1 g4 40.
hxg4 Nxg4 41. Kf1 Rc2 42. Re1 Ne5 43. Re2 Rc1+ 44. Kf2 Ra1 45. Ke3 Rxa3 46. Kd4
Nc6+ 47. Kc5 Ne5 48. Kd4 Nc6+ 49. Kc5 Ne5 50. Kd4 1/2-1/2